Normal view
MARC view
Entry Topical Term
001 - CONTROL NUMBER
- control field: 41367
003 - CONTROL NUMBER IDENTIFIER
- control field: OSt
005 - DATE AND TIME OF LATEST TRANSACTION
- control field: 20231030150136.0
008 - FIXED-LENGTH DATA ELEMENTS
- fixed length control field: 231030|| aca||aabn | a|a d
040 ## - CATALOGING SOURCE
- Original cataloging agency: OSt
- Transcribing agency: OSt
150 ## - HEADING--TOPICAL TERM
- Topical term or geographic name entry element: Women police, Floods, Brahmaputra, Cooperation, Efficiency, Guahati.
670 ## - SOURCE DATA FOUND
- Source citation: Work cat.: (OSt): Baruah Trishnakhee, and Gupta, Sandeep 41366, Women police in Assam during floods: A study of aquatic areas of Brahmaputra in Gauhati city
